| 000 | 00527nam a2200229Ia 4500 | ||
|---|---|---|---|
| 003 | IT-RoPAU | ||
| 008 | 120407s9999 xx 000 0 und d | ||
| 040 | _aIT-RoPAU | ||
| 040 | _cIT-RoPAU | ||
| 041 | _aita | ||
| 100 | _aAntonio Da Re | ||
| 245 | _aL’etica tra felicità e dovere. L’attuale dibattito sulla filosofia pratica | ||
| 250 | _aBologna | ||
| 260 | _aEDB | ||
| 260 | _c1987 | ||
| 300 | _a200 p. | ||
| 300 | _c19 cm | ||
| 490 | _aEtica teologica oggi | ||
| 490 | _v8 | ||
| 942 | _cBK | ||
| 999 |
_c28345 _d28345 |
||